Global property prices and trends 2008 (Record no. 108240)

MARC details
000 -LEADER
fixed length control field 00973cad a22002295a 4500
001 - CONTROL NUMBER
control field L143639
008 - FIXED-LENGTH DATA ELEMENTS--GENERAL INFORMATION
fixed length control field 080522s2008 xxkad f s 000 0 eng d
035 ## - SYSTEM CONTROL NUMBER
System control number (Sirsi) u143639
041 0# - LANGUAGE CODE
Language code of text/sound track or separate title eng
050 04 - LIBRARY OF CONGRESS CALL NUMBER
Classification number 333.33 $2 18
110 2# - MAIN ENTRY--CORPORATE NAME
Corporate name or jurisdiction name as entry element NAI Global
9 (RLIN) 5315
245 00 - TITLE STATEMENT
Title Global property prices and trends 2008
Medium [electronic resource]
260 ## - PUBLICATION, DISTRIBUTION, ETC.
Place of publication, distribution, etc. Princeton
Name of publisher, distributor, etc. NAI Global
Date of publication, distribution, etc. 2008
490 #0 - SERIES STATEMENT
Series statement Global Property Prices and Tends
Volume/sequential designation 2008
520 ## - SUMMARY, ETC.
Summary, etc. Presents tables with data on property prices and trends (including prime rents, net rents and yields for offices shops and warehouse/manufacturing). Tables presented on a country by country and region by region basis. Includes general economic data.
590 ## - LOCAL NOTE (RLIN)
Local note KA
650 24 - SUBJECT ADDED ENTRY--TOPICAL TERM
Topical term or geographic name entry element GLOBAL PROPERTY PRICES AND TRENDS
651 #4 - SUBJECT ADDED ENTRY--GEOGRAPHIC NAME
Geographic name International
690 ## - LOCAL SUBJECT ADDED ENTRY--TOPICAL TERM (OCLC, RLIN)
Topical term or geographic name as entry element PROPERTY-COMMERCIAL PROPERTY-COMMERCIAL PROPERTY MARKET
856 40 - ELECTRONIC LOCATION AND ACCESS
Uniform Resource Identifier <a href="https://www.naiglobal.com/">https://www.naiglobal.com/</a>
Public note View the item free of charge at www.naiglobal.com...
942 ## - ADDED ENTRY ELEMENTS (KOHA)
Suppress in OPAC 0
Holdings
Withdrawn status Lost status Source of classification or shelving scheme Damaged status Not for loan Home library Current library Shelving location Date acquired Total Checkouts Full call number Barcode Date last seen Copy number Price effective from Koha item type
    Dewey Decimal Classification     Virtual Virtual Online 22/05/2008   ONLINE PUBLICATION 143639-1001 06/08/2019 1 06/08/2019 Book